| 000 | 00955nam a2200289 4500 | ||
|---|---|---|---|
| 003 | OSt | ||
| 005 | 20260530113912.0 | ||
| 008 | 260505b2009 xxua|||| |||| 00| 0 eng d | ||
| 020 | _a9781407552750 | ||
| 040 |
_aICI _bspa _cICI |
||
| 041 | _aeng | ||
| 050 |
_aNA2850 _bG74 |
||
| 100 | 1 |
_aAscencio, Alejandro, _etexto _933608 |
|
| 245 | 1 | 0 |
_aGreat Ideas for storage areas / _cAlejandro Ascencio ; concepto y diseño Sigrid Bueno |
| 264 |
_aChina : _bParragon Books Ltd , _c2009 |
||
| 300 |
_a238 páginas : _bilustraciones |
||
| 336 |
_2rdacontent _atexto |
||
| 337 |
_2rdamedia _asin medio |
||
| 338 |
_2rdacarrier _avolumen |
||
| 650 | 4 |
_aEspacios interiores _xDiseño _933609 |
|
| 650 | 4 |
_aAlmacenamiento doméstico _933610 |
|
| 650 | 4 |
_aOrganización del hogar _933611 |
|
| 650 | 4 |
_aDiseño de interiores _919717 |
|
| 650 | 4 |
_aVivienda _xDiseño y construcción _933612 |
|
| 700 |
_aBueno, Sigrid, _eConcepto y diseño _933613 |
||
| 942 |
_2lcc _n1 _cBK |
||
| 999 |
_c12174 _d12174 |
||